|
|
|
|
| LEADER |
00000nab a2200000 ar4500 |
| 001 |
vtls008962265 |
| 003 |
SK-MaSNL |
| 005 |
20260303070720.0 |
| 008 |
070410c2007 xo mr|p|||||||000 b|slo |
| 015 |
|
|
|a SNBRB2007/04
|2 snkbucl
|
| 040 |
|
|
|a SNKBUCL
|b slo
|c SNKBUCL
|e AACR2
|
| 041 |
0 |
|
|a slo
|
| 044 |
|
|
|a xo
|c SK
|
| 080 |
|
|
|a 339.743
|x (437.6:4)
|2 2001
|
| 080 |
|
|
|a 336.743
|x (437.6)
|2 2001
|
| 080 |
|
|
|a 336.748
|2 2001
|
| 100 |
1 |
|
|a Hölcz, Róbert
|4 aut
|9 711665
|
| 245 |
1 |
0 |
|a Rekordná koruna
|b zhodnocovanie centrálnej parity posilňuje slovenskú menu
|c Róberzt Hölcz
|
| 300 |
|
|
|b Fotogr.
|
| 650 |
0 |
7 |
|a slovenská mena
|2 snkbucl
|9 770299
|
| 650 |
0 |
7 |
|a výmenný kurz
|2 snkbucl
|9 1043249
|
| 650 |
0 |
7 |
|a jednotná európska mena
|2 snkbucl
|9 28024
|
| 773 |
0 |
|
|t Extra plus
|g Roč. 7, apríl (2007), s. 11
|x 1336-0256
|
| 852 |
|
|
|a SNK
|b KIS3GCP
|
| 958 |
|
|
|a SK
|
| 999 |
|
|
|c 1756627
|d 1758557
|